Hodnocení akcií (podniků) kótovaných na burze.

Základné rozlíšenie metód hodnotenia podľa disponibility informácií. Burzové metódy a metódy, vychádzajúce z finančnej analýzy: zrovnávacie metódy, metódy, zakladajúce sa na dobe návratnosti. Hodnotenie v podmienkach inflácie.

Na minha lista:
Detalhes bibliográficos
Autor principal: Schroll, R.
Formato: Capítulo de Livro
Idioma:tcheco
Assuntos:
Tags: Adicionar Tag
Sem tags, seja o primeiro a adicionar uma tag!

MARC

LEADER 00000naa a2200000 4500
001 r008144
005 20220831091026.5
041 0 |a cze 
044 |a [CS] 
245 1 0 |a Hodnocení akcií (podniků) kótovaných na burze.  |c R. Schroll 
520 |a Základné rozlíšenie metód hodnotenia podľa disponibility informácií. Burzové metódy a metódy, vychádzajúce z finančnej analýzy: zrovnávacie metódy, metódy, zakladajúce sa na dobe návratnosti. Hodnotenie v podmienkach inflácie. 
610 2 0 |a oceňovanie ekonomické 
610 2 0 |a akcie 
610 2 0 |a burzy 
610 2 0 |a informácie hospodárske 
610 2 0 |a analýza ekonomická 
610 2 0 |a návratnosť investícií 
610 2 0 |a zabezpečenie informačné 
100 1 |a Schroll, R.